| 000 | 00503nam a2200157Ia 4500 | ||
|---|---|---|---|
| 008 | 220216s9999 xx 000 0 und d | ||
| 100 | _aCorrell J C | ||
| 245 | 0 | _aExamination of mitochondrial DNA restriction fragment length polymorphisms, DNA fingerprints and randomly amplified polymorphic DNA of Colletotrichum orbiculare | |
| 260 |
_bPhytopathology _c1993 |
||
| 300 | _a1199-1208 | ||
| 650 | _aDNA fingerprint | ||
| 650 | _aRFLP | ||
| 700 | _aGuerber J C | ||
| 700 | _aRhoads D D | ||
| 942 | _cJS | ||
| 999 |
_c59069 _d59069 |
||